000 00474nam a2200169 i 4500
001 bg
100 1 _aGlinicki, Stanisław Paweł
_d(1921-2008).
245 0 _aFundamentowanie /
_cStanisław P. Glinicki.
260 _a[Białystok] :
_bWydawn. Polit. Białost.,
_c[1978].
300 _as. 272 :
_brys., tab.
504 _a[Zawiera bibliogr. s. 271-272].
040 _cBPK
041 _apol
080 _a624.15
942 _cKS
008 s pl f |000 0 pol
999 _c18441
_d18441
856 _uhttp://koha.tu.koszalin.pl/cgi-bin/koha/opac-detail.pl?biblionumber=18441
_yKatalog online BPK